|
|
|
|
| LEADER |
00000cam a2200000 c 4500 |
| 001 |
212006029 |
| 003 |
DE-627 |
| 005 |
20220512112747.0 |
| 007 |
tu |
| 008 |
960620s1994 dk ||||| 00| ||dan c |
| 020 |
|
|
|a 8750032585
|9 87-500-3258-5
|
| 035 |
|
|
|a (DE-627)212006029
|
| 035 |
|
|
|a (DE-576)047694912
|
| 035 |
|
|
|a (DE-599)GBV212006029
|
| 035 |
|
|
|a (OCoLC)833067243
|
| 035 |
|
|
|a (OCoLC)36626292
|
| 040 |
|
|
|a DE-627
|b ger
|c DE-627
|e rakwb
|
| 041 |
|
|
|a dan
|
| 044 |
|
|
|c XA-DK
|
| 100 |
1 |
|
|a Sørensen, Bo Wagner
|0 (DE-627)1244342297
|0 (DE-576)174342292
|4 aut
|
| 109 |
|
|
|a Sørensen, Bo Wagner
|a Sørensen, Bo W.
|a Wagner Sørensen, Bo
|
| 245 |
1 |
0 |
|a Magt eller afmagt?
|b Køn, følelser og vold i Grønland
|c Bo Wagner Sørensen
|
| 264 |
|
1 |
|a [København]
|b Akademisk forlag
|c 1994
|
| 300 |
|
|
|a 249 S
|
| 336 |
|
|
|a Text
|b txt
|2 rdacontent
|
| 337 |
|
|
|a ohne Hilfsmittel zu benutzen
|b n
|2 rdamedia
|
| 338 |
|
|
|a Band
|b nc
|2 rdacarrier
|
| 500 |
|
|
|a Literaturverz. S 238-249
|
| 583 |
1 |
|
|a Archivierung prüfen
|c 20200919
|f DE-640
|z 2
|2 pdager
|
| 700 |
1 |
|
|a Wagner Sørensen, Bo
|4 oth
|
| 935 |
|
|
|i Blocktest
|
| 951 |
|
|
|a BO
|
| ELC |
|
|
|b 1
|
| LOK |
|
|
|0 000 xxxxxcx a22 zn 4500
|
| LOK |
|
|
|0 001 3076908278
|
| LOK |
|
|
|0 003 DE-627
|
| LOK |
|
|
|0 004 212006029
|
| LOK |
|
|
|0 005 19970307000000
|
| LOK |
|
|
|0 008 970205||||||||||||||||ger|||||||
|
| LOK |
|
|
|0 040
|a DE-21
|c DE-627
|d DE-21
|
| LOK |
|
|
|0 852
|a DE-21
|
| LOK |
|
|
|0 852 1
|c KB 19 A 5327
|9 00
|
| LOK |
|
|
|0 935
|a krim
|
| LOK |
|
|
|0 936ln
|a k10.10.6
|
| LOK |
|
|
|0 939
|a 05-02-97
|b l01
|
| ORI |
|
|
|a SA-MARC-krimdoka001.raw
|
| SIG |
|
|
|a UB: KB 19 A 5327
|